000 00425pab a2200169 454500
008 180718b2010 xxu||||| |||| 00| 0 eng d
100 _aBiswas, N.B.
245 _aProblems and prospects of conducting research on other backward classes
260 _c2010
300 _ap.15-17,21
362 _a20 Dec
650 _aResearch
650 _aBackward classes
773 _aUniversity News
908 _aN
909 _a90306
999 _c90306
_d90306